| 000 | 00647 a2200253 4500 | ||
|---|---|---|---|
| 001 | 200002252 | ||
| 999 |
_c200002252 _d34875 |
||
| 003 | TR-AnTOB | ||
| 005 | 20240130173536.0 | ||
| 008 | 111101s fr 000 0 | ||
| 020 | _a2090316071 | ||
| 020 | _a2090329157 | ||
| 040 | _aTR-AnTOB | ||
| 041 | 0 | _afre | |
| 050 | 0 | 0 | _aPC2065 |
| 099 | _aPCF EASY CLE A1 ARS 2006 | ||
| 100 | 1 |
_aLeblanc, Maurice, _d1864-1941 _971249 |
|
| 245 | 0 | 0 |
_aArséne Lupin / _bLe bouchon de cristal. |
| 264 | 1 |
_aParis: _bCLE International, _c2006. |
|
| 300 | _a38 s. | ||
| 650 | 0 | 1 |
_aFrench language _vReaders _971250 |
| 650 | 0 | 1 |
_aFransız dili _vOkuma kitapları _971465 |
| 942 | _cBK | ||